[Event "Amateur Tournament (ATO)"]
[Site "https://www.chess.com"]
[Date "2025.07.15"]
[Round "1"]
[White "Muehlemann, Walter"]
[Black "Nergard, Ole-Kristian"]
[Result "0-1"]
[Board "24"]
[WhiteFideId "1307010"]
[BlackFideId "1543156"]
[WhiteElo "1624"]
[BlackElo "1837"]
[WhiteTeam "SUI"]
[BlackTeam "NOR"]
[WhiteClock "0:45:49"]
[BlackClock "0:53:49"]
[Variant "Standard"]

1. e4 {[%clk 1:30:10]}  e5 {[%clk 1:26:08]} 2. Nf3 {[%clk 1:30:32]}  Nf6 {[%clk 1:26:29]} 3. Bc4 {[%clk 1:30:18]}  Nxe4 {[%clk 1:25:02]} 4. O-O {[%clk 1:30:21]}  d5 {[%clk 1:23:50]} 5. Bb3 {[%clk 1:29:57]}  Bg4 {[%clk 1:21:27]} 6. d3 {[%clk 1:28:02]}  Nc5 {[%clk 1:21:10]} 7. Nbd2 {[%clk 1:25:46]}  Nxb3 {[%clk 1:20:14]} 8. axb3 {[%clk 1:24:57]}  Bd6 {[%clk 1:19:35]} 9. Re1 {[%clk 1:22:53]}  O-O {[%clk 1:19:40]} 10. h3 {[%clk 1:21:56]}  Bxf3 {[%clk 1:20:00]} 11. Qxf3 {[%clk 1:21:57]}  c6 {[%clk 1:19:24]} 12. Nf1 {[%clk 1:17:58]}  f5 {[%clk 1:17:48]} 13. Qd1 {[%clk 1:12:50]}  Nd7 {[%clk 1:17:29]} 14. Bd2 {[%clk 1:12:29]}  Qh4 {[%clk 1:13:08]} 15. c4 {[%clk 1:05:06]}  g5 {[%clk 1:03:41]} 16. Nh2 {[%clk 1:02:29]}  e4 {[%clk 1:01:27]} 17. dxe4 {[%clk 0:55:58]}  fxe4 {[%clk 1:01:07]} 18. Ng4 {[%clk 0:55:19]}  h5 {[%clk 0:59:51]} 19. g3 {[%clk 0:50:59]}  Bxg3 {[%clk 0:56:58]} 20. fxg3 {[%clk 0:48:40]}  Qxg3+ {[%clk 0:57:06]} 21. Kh1 {[%clk 0:48:33]}  Qxh3+ {[%clk 0:56:13]} 22. Kg1 {[%clk 0:48:49]}  Qg3+ {[%clk 0:54:47]} 23. Kh1 {[%clk 0:48:53]}  hxg4 {[%clk 0:54:44]} 24. Re3 {[%clk 0:45:49]}  Qh4+ {[%clk 0:54:44]} 25. Kg1 {[%clk 0:45:49]}  Rf2 {[%clk 0:53:49]} 0-1

[Event "Amateur Tournament (ATO)"]
[Site "https://www.chess.com"]
[Date "2025.07.15"]
[Round "1"]
[White "Ademi, Rexhe"]
[Black "Rubeck, Jonathan"]
[Result "0-1"]
[Board "26"]
[WhiteFideId "1350366"]
[BlackFideId "435678"]
[WhiteElo "1605"]
[BlackElo "1832"]
[WhiteTeam "SUI"]
[BlackTeam "ENG"]
[WhiteClock "1:45:00"]
[BlackClock "1:06:29"]
[Variant "Standard"]

1. Nf3 {[%clk 1:30:54]}  Nf6 {[%clk 1:30:15]} 2. g3 {[%clk 1:31:08]}  g6 {[%clk 1:30:31]} 3. Bg2 {[%clk 1:31:24]}  Bg7 {[%clk 1:30:40]} 4. d3 {[%clk 1:31:38]}  d5 {[%clk 1:30:03]} 5. c3 {[%clk 1:31:49]}  O-O {[%clk 1:29:56]} 6. Qc2 {[%clk 1:32:01]}  c5 {[%clk 1:29:14]} 7. O-O {[%clk 1:32:04]}  Nc6 {[%clk 1:29:12]} 8. Nbd2 {[%clk 1:32:13]}  e5 {[%clk 1:27:01]} 9. e4 {[%clk 1:31:53]}  b6 {[%clk 1:24:33]} 10. exd5 {[%clk 1:31:56]}  Nxd5 {[%clk 1:23:11]} 11. Qa4 {[%clk 1:31:40]}  Bb7 {[%clk 1:19:54]} 12. c4 {[%clk 1:31:15]}  Ndb4 {[%clk 1:16:44]} 13. Ne1 {[%clk 1:29:27]}  Na5 {[%clk 1:10:09]} 14. Bxb7 {[%clk 1:26:09]}  Nxb7 {[%clk 1:09:16]} 15. Qb3 {[%clk 1:25:48]}  Na5 {[%clk 1:08:10]} 16. Qa3 {[%clk 1:25:24]}  Nac6 {[%clk 1:06:12]} 17. Ne4 {[%clk 1:25:29]}  Nd4 {[%clk 1:05:27]} 18. Rb1 {[%clk 1:25:08]}  f5 {[%clk 1:02:51]} 19. Bg5 {[%clk 1:25:11]}  Qd7 {[%clk 1:00:58]} 20. Nc3 {[%clk 1:25:07]}  Qc6 {[%clk 0:48:59]} 21. Qa4 {[%clk 1:22:06]}  Ne2+ {[%clk 0:48:38]} 22. Nxe2 {[%clk 1:21:30]}  Qxa4 {[%clk 0:49:03]} 23. a3 {[%clk 1:21:43]}  Nc6 {[%clk 0:47:51]} 24. Nc3 {[%clk 1:21:50]}  Qa6 {[%clk 0:47:20]} 25. Nd5 {[%clk 1:21:40]}  Qb7 {[%clk 0:46:57]} 26. Ng2 {[%clk 1:21:11]}  h6 {[%clk 0:46:53]} 27. Bd2 {[%clk 1:21:09]}  Rad8 {[%clk 0:42:40]} 28. b4 {[%clk 1:18:41]}  cxb4 {[%clk 0:42:24]} 29. axb4 {[%clk 1:19:09]}  Ne7 {[%clk 0:42:20]} 30. Nge3 {[%clk 1:19:10]}  Nxd5 {[%clk 0:38:49]} 31. cxd5 {[%clk 1:19:17]}  f4 {[%clk 0:38:34]} 32. Ng4 {[%clk 1:18:10]}  h5 {[%clk 0:38:36]} 33. Ne3 {[%clk 1:16:30]}  fxe3 {[%clk 0:38:55]} 34. Bxe3 {[%clk 1:16:58]}  Rxd5 {[%clk 0:39:09]} 35. h4 {[%clk 1:16:55]}  Rxd3 {[%clk 0:39:22]} 36. b5 {[%clk 1:17:04]}  e4 {[%clk 0:39:02]} 37. Rfc1 {[%clk 1:16:58]}  Qb8 {[%clk 0:38:00]} 38. Rc6 {[%clk 1:17:16]}  Rxe3 {[%clk 0:37:59]} 39. Rxg6 {[%clk 1:16:11]}  Ref3 {[%clk 0:36:25]} 40. g4 {[%clk 1:45:00]}  Rxf2 {[%clk 1:06:29]} 0-1

[Event "Amateur Tournament (ATO)"]
[Site "https://www.chess.com"]
[Date "2025.07.15"]
[Round "1"]
[White "Heitmann, Erik"]
[Black "Wipf, Armin"]
[Result "1-0"]
[Board "27"]
[WhiteFideId "34608940"]
[BlackFideId "1323903"]
[WhiteElo "1821"]
[BlackElo "1601"]
[WhiteTeam "GER"]
[BlackTeam "SUI"]
[WhiteClock "0:37:34"]
[BlackClock "1:03:20"]
[Variant "Standard"]

1. d4 {[%clk 1:30:54]}  d5 {[%clk 1:30:41]} 2. c4 {[%clk 1:31:20]}  c6 {[%clk 1:30:50]} 3. Nf3 {[%clk 1:30:27]}  Bf5 {[%clk 1:30:10]} 4. Nc3 {[%clk 1:29:59]}  Nf6 {[%clk 1:29:57]} 5. e3 {[%clk 1:28:05]}  e6 {[%clk 1:30:02]} 6. Be2 {[%clk 1:28:09]}  Be7 {[%clk 1:29:44]} 7. Nh4 {[%clk 1:28:18]}  Nbd7 {[%clk 1:28:24]} 8. Nxf5 {[%clk 1:28:40]}  exf5 {[%clk 1:28:41]} 9. cxd5 {[%clk 1:26:39]}  Nxd5 {[%clk 1:26:08]} 10. Nxd5 {[%clk 1:26:46]}  cxd5 {[%clk 1:26:28]} 11. Bd3 {[%clk 1:25:17]}  g6 {[%clk 1:26:15]} 12. Qb3 {[%clk 1:25:31]}  Nf6 {[%clk 1:24:18]} 13. Qxb7 {[%clk 1:22:11]}  O-O {[%clk 1:24:21]} 14. O-O {[%clk 1:20:52]}  Qd6 {[%clk 1:23:27]} 15. Qa6 {[%clk 1:20:00]}  Rfc8 {[%clk 1:17:44]} 16. Qxd6 {[%clk 1:16:14]}  Bxd6 {[%clk 1:18:01]} 17. Bd2 {[%clk 1:16:39]}  Rab8 {[%clk 1:16:33]} 18. Rfc1 {[%clk 1:00:30]}  Ne4 {[%clk 1:13:04]} 19. Bc3 {[%clk 0:59:33]}  Nxc3 {[%clk 1:12:21]} 20. Rxc3 {[%clk 0:52:06]}  Rxc3 {[%clk 1:08:15]} 21. bxc3 {[%clk 0:52:32]}  Rc8 {[%clk 1:06:35]} 22. Rc1 {[%clk 0:52:24]}  Rb8 {[%clk 1:04:11]} 23. g3 {[%clk 0:48:47]}  Kf8 {[%clk 1:02:28]} 24. Kf1 {[%clk 0:41:56]}  Ke7 {[%clk 1:02:19]} 25. Ke2 {[%clk 0:40:44]}  Ba3 {[%clk 0:59:28]} 26. Rb1 {[%clk 0:36:59]}  Bd6 {[%clk 0:54:39]} 27. Rb5 {[%clk 0:32:45]}  Rxb5 {[%clk 0:52:13]} 28. Bxb5 {[%clk 0:33:10]}  Ba3 {[%clk 0:52:01]} 29. Kd3 {[%clk 0:32:38]}  Kd6 {[%clk 0:50:10]} 30. f3 {[%clk 0:30:28]}  f6 {[%clk 0:48:57]} 31. h4 {[%clk 0:27:43]}  Kc7 {[%clk 0:46:55]} 32. Be8 {[%clk 0:23:35]}  Bd6 {[%clk 0:45:57]} 33. Bf7 {[%clk 0:12:08]}  Bxg3 {[%clk 0:45:22]} 34. Bxd5 {[%clk 0:12:33]}  Bxh4 {[%clk 0:43:50]} 35. Bg8 {[%clk 0:12:59]}  h6 {[%clk 0:43:32]} 36. Bh7 {[%clk 0:13:17]}  g5 {[%clk 0:43:22]} 37. Bxf5 {[%clk 0:13:37]}  Bg3 {[%clk 0:43:18]} 38. Ke4 {[%clk 0:12:40]}  Kb6 {[%clk 0:41:03]} 39. Be6 {[%clk 0:11:56]}  Bf2 {[%clk 1:07:35]} 40. Kf5 {[%clk 0:41:56]}  Kc7 {[%clk 1:08:03]} 41. Ke4 {[%clk 0:41:16]}  Kd6 {[%clk 1:07:15]} 42. c4 {[%clk 0:41:16]}  h5 {[%clk 1:06:06]} 43. Bf5 {[%clk 0:39:41]}  Kc6 {[%clk 1:05:50]} 44. c5 {[%clk 0:39:49]}  Bg3 {[%clk 1:04:51]} 45. Kd3 {[%clk 0:38:58]}  h4 {[%clk 1:03:36]} 46. Kc4 {[%clk 0:38:54]}  Kc7 {[%clk 1:03:26]} 47. d5 {[%clk 0:38:14]}  Kd8 {[%clk 1:03:20]} 48. d6 {[%clk 0:37:34]} 1-0

[Event "Amateur Tournament (ATO)"]
[Site "https://www.chess.com"]
[Date "2025.07.15"]
[Round "1"]
[White "Huber, Ruth"]
[Black "Wegelin, Reinhard"]
[Result "1/2-1/2"]
[Board "28"]
[WhiteFideId "1315234"]
[BlackFideId "1305778"]
[WhiteElo "1600"]
[BlackElo "1812"]
[WhiteTeam "SUI"]
[BlackTeam "SUI"]
[WhiteClock "0:34:00"]
[BlackClock "0:34:58"]
[Variant "Standard"]

1. Nf3 {[%clk 1:30:34]}  d6 {[%clk 1:30:33]} 2. c4 {[%clk 1:30:47]}  e5 {[%clk 1:30:03]} 3. Nc3 {[%clk 1:30:53]}  c6 {[%clk 1:29:43]} 4. g3 {[%clk 1:30:52]}  Nf6 {[%clk 1:29:55]} 5. d3 {[%clk 1:31:10]}  Be7 {[%clk 1:29:01]} 6. Bg2 {[%clk 1:31:21]}  O-O {[%clk 1:29:21]} 7. O-O {[%clk 1:31:39]}  a5 {[%clk 1:29:11]} 8. b3 {[%clk 1:31:03]}  Nbd7 {[%clk 1:28:49]} 9. Bb2 {[%clk 1:28:12]}  h6 {[%clk 1:28:08]} 10. Rc1 {[%clk 1:28:05]}  Nc5 {[%clk 1:27:08]} 11. Nd2 {[%clk 1:27:07]}  Ne6 {[%clk 1:26:16]} 12. Nde4 {[%clk 1:26:24]}  Nxe4 {[%clk 1:24:26]} 13. Nxe4 {[%clk 1:26:21]}  Qb6 {[%clk 1:22:08]} 14. c5 {[%clk 1:21:17]}  Qc7 {[%clk 1:20:54]} 15. cxd6 {[%clk 1:13:25]}  Bxd6 {[%clk 1:20:51]} 16. Nxd6 {[%clk 1:13:17]}  Qxd6 {[%clk 1:21:02]} 17. Rc2 {[%clk 1:11:44]}  Nd4 {[%clk 1:20:33]} 18. Bxd4 {[%clk 1:11:13]}  exd4 {[%clk 1:20:23]} 19. Qa1 {[%clk 1:10:43]}  Re8 {[%clk 1:19:46]} 20. Rc4 {[%clk 1:07:49]}  c5 {[%clk 1:19:56]} 21. a3 {[%clk 1:04:54]}  Rb8 {[%clk 1:17:42]} 22. b4 {[%clk 1:04:24]}  b6 {[%clk 1:12:17]} 23. bxc5 {[%clk 1:01:00]}  bxc5 {[%clk 1:12:17]} 24. Re1 {[%clk 0:59:18]}  Be6 {[%clk 1:10:04]} 25. Rcc1 {[%clk 0:57:37]}  Rb3 {[%clk 1:08:38]} 26. Rb1 {[%clk 0:56:58]}  Reb8 {[%clk 1:08:50]} 27. Rxb3 {[%clk 0:55:10]}  Rxb3 {[%clk 1:08:57]} 28. Rb1 {[%clk 0:54:06]}  Qb6 {[%clk 1:08:39]} 29. Rxb3 {[%clk 0:53:25]}  Qxb3 {[%clk 1:08:34]} 30. h3 {[%clk 0:46:11]}  Qc3 {[%clk 1:07:15]} 31. Qb1 {[%clk 0:35:43]}  Qxa3 {[%clk 1:05:40]} 32. Qb8+ {[%clk 0:35:43]}  Kh7 {[%clk 1:06:02]} 33. Be4+ {[%clk 0:33:16]}  g6 {[%clk 1:05:48]} 34. h4 {[%clk 0:32:23]}  Qb3 {[%clk 1:03:29]} 35. Qc7 {[%clk 0:30:25]}  a4 {[%clk 1:00:44]} 36. h5 {[%clk 0:29:17]}  Bf5 {[%clk 0:50:32]} 37. hxg6+ {[%clk 0:25:17]}  Bxg6 {[%clk 0:50:40]} 38. Bxg6+ {[%clk 0:24:23]}  Kxg6 {[%clk 0:50:50]} 39. Qc6+ {[%clk 0:22:35]}  Kg7 {[%clk 0:46:33]} 40. Qxc5 {[%clk 0:52:02]}  Qc3 {[%clk 1:07:24]} 41. Qe5+ {[%clk 0:49:17]}  Kf8 {[%clk 0:49:14]} 42. Qb8+ {[%clk 0:42:34]}  Kg7 {[%clk 0:48:23]} 43. Qe5+ {[%clk 0:42:40]}  Kg6 {[%clk 0:41:52]} 44. Qe4+ {[%clk 0:38:19]}  Kg7 {[%clk 0:40:03]} 45. Qe5+ {[%clk 0:35:36]}  f6 {[%clk 0:38:42]} 46. Qe7+ {[%clk 0:35:28]}  Kg6 {[%clk 0:37:41]} 47. Qe8+ {[%clk 0:34:00]}  Kg7 {[%clk 0:34:58]} 1/2-1/2

[Event "Amateur Tournament (ATO)"]
[Site "https://www.chess.com"]
[Date "2025.07.15"]
[Round "1"]
[White "Schaefer, Gion"]
[Black "Jakob, Dominic"]
[Result "1-0"]
[Board "29"]
[WhiteFideId "1362097"]
[BlackFideId "1346920"]
[WhiteElo "1812"]
[BlackElo "1598"]
[WhiteTeam "SUI"]
[BlackTeam "SUI"]
[WhiteClock "0:43:00"]
[BlackClock "0:22:52"]
[Variant "Standard"]

1. d4 {[%clk 1:30:43]}  Nf6 {[%clk 1:30:12]} 2. c4 {[%clk 1:31:04]}  g6 {[%clk 1:28:51]} 3. Nc3 {[%clk 1:31:11]}  Bg7 {[%clk 1:26:38]} 4. e4 {[%clk 1:31:15]}  d6 {[%clk 1:25:45]} 5. Nf3 {[%clk 1:30:36]}  O-O {[%clk 1:25:23]} 6. h3 {[%clk 1:26:50]}  e6 {[%clk 1:15:36]} 7. Be3 {[%clk 1:24:50]}  Nbd7 {[%clk 1:15:00]} 8. Bh6 {[%clk 1:10:41]}  c5 {[%clk 1:12:39]} 9. Bxg7 {[%clk 1:10:07]}  Kxg7 {[%clk 0:58:40]} 10. g4 {[%clk 0:43:00]}  h5 {[%clk 0:22:52]} 1-0

[Event "Amateur Tournament (ATO)"]
[Site "https://www.chess.com"]
[Date "2025.07.15"]
[Round "1"]
[White "Moreno Enric"]
[Black "Mogasale, Chetan"]
[Result "0-1"]
[Board "30"]
[WhiteFideId "1365690"]
[BlackFideId "1356615"]
[WhiteElo "1592"]
[BlackElo "1811"]
[WhiteTeam "SUI"]
[BlackTeam "SUI"]
[WhiteClock "0:53:18"]
[BlackClock "0:37:24"]
[Variant "Standard"]

1. d4 {[%clk 1:30:56]}  d5 {[%clk 1:30:52]} 2. Bf4 {[%clk 1:31:20]}  Nf6 {[%clk 1:31:04]} 3. e3 {[%clk 1:31:28]}  Bf5 {[%clk 1:30:54]} 4. Bd3 {[%clk 1:31:42]}  Bg6 {[%clk 1:28:40]} 5. Nf3 {[%clk 1:30:44]}  e6 {[%clk 1:28:46]} 6. c4 {[%clk 1:30:34]}  Bb4+ {[%clk 1:26:42]} 7. Nc3 {[%clk 1:30:40]}  c6 {[%clk 1:25:33]} 8. O-O {[%clk 1:29:34]}  O-O {[%clk 1:24:59]} 9. Ne5 {[%clk 1:28:25]}  Bxd3 {[%clk 1:23:54]} 10. Qxd3 {[%clk 1:28:30]}  Nbd7 {[%clk 1:22:32]} 11. c5 {[%clk 1:27:41]}  Nh5 {[%clk 1:20:47]} 12. a3 {[%clk 1:26:34]}  Nxf4 {[%clk 1:20:11]} 13. exf4 {[%clk 1:26:51]}  Bxc3 {[%clk 1:16:17]} 14. Qxc3 {[%clk 1:26:56]}  Nf6 {[%clk 1:15:23]} 15. f3 {[%clk 1:25:20]}  Nh5 {[%clk 1:13:10]} 16. g3 {[%clk 1:25:04]}  f5 {[%clk 1:12:14]} 17. b4 {[%clk 1:21:52]}  Rf6 {[%clk 1:09:54]} 18. Rf2 {[%clk 1:19:25]}  Rh6 {[%clk 1:08:41]} 19. Qe3 {[%clk 1:18:44]}  Nf6 {[%clk 0:54:54]} 20. Rg2 {[%clk 1:13:59]}  Qe7 {[%clk 0:42:13]} 21. Kf2 {[%clk 1:10:01]}  Rf8 {[%clk 0:41:48]} 22. Rh1 {[%clk 1:08:42]}  Rh3 {[%clk 0:40:00]} 23. Qe2 {[%clk 0:58:18]}  Qe8 {[%clk 0:38:10]} 24. g4 {[%clk 0:54:16]}  fxg4 {[%clk 0:37:20]} 25. fxg4 {[%clk 0:54:19]}  Ne4+ {[%clk 0:37:35]} 26. Ke1 {[%clk 0:53:23]}  Rxf4 {[%clk 0:37:33]} 27. Rf1 {[%clk 0:53:18]}  Nc3 {[%clk 0:37:24]} 0-1

[Event "Amateur Tournament (ATO)"]
[Site "https://www.chess.com"]
[Date "2025.07.15"]
[Round "1"]
[White "Tereshchenko, Eva"]
[Black "Anetov, Aisultan"]
[Result "1/2-1/2"]
[Board "31"]
[WhiteFideId "34389903"]
[BlackFideId "13784943"]
[WhiteElo "1809"]
[BlackElo "1584"]
[WhiteTeam "FID"]
[BlackTeam "KAZ"]
[WhiteClock "0:13:32"]
[BlackClock "1:10:23"]
[Variant "Standard"]

1. e4 {[%clk 1:30:58]}  e5 {[%clk 1:30:11]} 2. Nf3 {[%clk 1:31:22]}  Nc6 {[%clk 1:30:02]} 3. Bb5 {[%clk 1:31:44]}  a6 {[%clk 1:29:25]} 4. Ba4 {[%clk 1:32:09]}  Nf6 {[%clk 1:29:47]} 5. O-O {[%clk 1:32:24]}  Be7 {[%clk 1:30:02]} 6. Re1 {[%clk 1:32:42]}  b5 {[%clk 1:30:16]} 7. Bb3 {[%clk 1:33:07]}  O-O {[%clk 1:30:31]} 8. a4 {[%clk 1:33:21]}  Bb7 {[%clk 1:30:35]} 9. c3 {[%clk 1:32:04]}  d5 {[%clk 1:27:36]} 10. axb5 {[%clk 1:27:45]}  axb5 {[%clk 1:27:58]} 11. Rxa8 {[%clk 1:28:08]}  Bxa8 {[%clk 1:28:09]} 12. exd5 {[%clk 1:24:37]}  Nxd5 {[%clk 1:28:34]} 13. d4 {[%clk 1:23:41]}  exd4 {[%clk 1:27:13]} 14. Nxd4 {[%clk 1:21:39]}  Nxd4 {[%clk 1:26:19]} 15. cxd4 {[%clk 1:20:13]}  Bf6 {[%clk 1:22:26]} 16. Qd3 {[%clk 1:07:03]}  Nb4 {[%clk 1:21:52]} 17. Qxb5 {[%clk 1:02:47]}  Qxd4 {[%clk 1:20:43]} 18. Qc4 {[%clk 0:38:12]}  Qxc4 {[%clk 1:20:01]} 19. Bxc4 {[%clk 0:38:35]}  Bd5 {[%clk 1:16:58]} 20. Bxd5 {[%clk 0:34:35]}  Nxd5 {[%clk 1:17:20]} 21. Na3 {[%clk 0:34:32]}  h6 {[%clk 1:15:41]} 22. g3 {[%clk 0:29:34]}  Nb4 {[%clk 1:14:49]} 23. Rd1 {[%clk 0:25:18]}  Re8 {[%clk 1:14:04]} 24. Nc4 {[%clk 0:22:02]}  Nc2 {[%clk 1:12:15]} 25. Bf4 {[%clk 0:19:31]}  Nd4 {[%clk 1:10:46]} 26. Be3 {[%clk 0:18:06]}  Nf3+ {[%clk 1:10:08]} 27. Kg2 {[%clk 0:18:22]}  Ne5 {[%clk 1:10:22]} 28. Nxe5 {[%clk 0:16:35]}  Bxe5 {[%clk 1:10:45]} 29. b3 {[%clk 0:16:37]}  Bd6 {[%clk 1:10:51]} 30. Rd3 {[%clk 0:15:29]}  Kf8 {[%clk 1:10:23]} 31. f4 {[%clk 0:13:32]} 1/2-1/2

[Event "Amateur Tournament (ATO)"]
[Site "https://www.chess.com"]
[Date "2025.07.15"]
[Round "1"]
[White "Brandes, Stefan"]
[Black "Hirzel, Robin"]
[Result "1/2-1/2"]
[Board "32"]
[WhiteFideId "1352890"]
[BlackFideId "1342320"]
[WhiteElo "1583"]
[BlackElo "1795"]
[WhiteTeam "SUI"]
[BlackTeam "SUI"]
[WhiteClock "0:09:36"]
[BlackClock "1:01:25"]
[Variant "Standard"]

1. d4 {[%clk 1:30:54]}  Nf6 {[%clk 1:30:50]} 2. Nf3 {[%clk 1:30:45]}  g6 {[%clk 1:31:14]} 3. Bf4 {[%clk 1:30:08]}  Bg7 {[%clk 1:31:37]} 4. Nc3 {[%clk 1:30:00]}  O-O {[%clk 1:31:33]} 5. e4 {[%clk 1:29:40]}  d6 {[%clk 1:31:54]} 6. Qd2 {[%clk 1:29:52]}  b6 {[%clk 1:30:50]} 7. Bd3 {[%clk 1:13:20]}  Bb7 {[%clk 1:29:04]} 8. O-O {[%clk 1:12:21]}  Nbd7 {[%clk 1:26:13]} 9. h3 {[%clk 1:04:35]}  Re8 {[%clk 1:19:22]} 10. Bh6 {[%clk 0:50:58]}  e5 {[%clk 1:18:37]} 11. Bxg7 {[%clk 0:48:10]}  Kxg7 {[%clk 1:19:02]} 12. d5 {[%clk 0:40:04]}  a6 {[%clk 1:18:44]} 13. Qe2 {[%clk 0:38:48]}  Nc5 {[%clk 1:17:52]} 14. Bc4 {[%clk 0:36:15]}  Nh5 {[%clk 1:17:26]} 15. b4 {[%clk 0:36:25]}  Nd7 {[%clk 1:16:55]} 16. Nd2 {[%clk 0:31:33]}  Qg5 {[%clk 1:13:29]} 17. Nf3 {[%clk 0:31:03]}  Qe7 {[%clk 1:12:53]} 18. Bd3 {[%clk 0:26:43]}  Nf4 {[%clk 1:11:00]} 19. Qd2 {[%clk 0:26:07]}  Nf6 {[%clk 1:11:09]} 20. Ne2 {[%clk 0:23:07]}  N6h5 {[%clk 1:11:11]} 21. Ng3 {[%clk 0:20:36]}  Bc8 {[%clk 1:08:58]} 22. Nxh5+ {[%clk 0:17:32]}  gxh5 {[%clk 1:08:53]} 23. h4 {[%clk 0:12:30]}  Rg8 {[%clk 1:07:48]} 24. g3 {[%clk 0:12:11]}  Nh3+ {[%clk 1:07:25]} 25. Kh2 {[%clk 0:12:01]}  h6 {[%clk 1:07:30]} 26. Ng1 {[%clk 0:11:55]}  Nxg1 {[%clk 1:06:07]} 27. Rxg1 {[%clk 0:11:57]}  Qd7 {[%clk 1:06:15]} 28. Bf1 {[%clk 0:11:51]}  Kh7 {[%clk 1:06:00]} 29. Qe2 {[%clk 0:10:44]}  Qe7 {[%clk 1:02:08]} 30. Bh3 {[%clk 0:09:36]}  Bg4 {[%clk 1:01:25]} 1/2-1/2

[Event "Amateur Tournament (ATO)"]
[Site "https://www.chess.com"]
[Date "2025.07.15"]
[Round "1"]
[White "Van Bogaert, Olivier"]
[Black "Trzcinska, Wiktoria"]
[Result "1-0"]
[Board "33"]
[WhiteFideId "134178780"]
[BlackFideId "91111706"]
[WhiteElo "1793"]
[BlackElo "1568"]
[WhiteTeam "SUI"]
[BlackTeam "POL"]
[WhiteClock "1:00:28"]
[BlackClock "1:07:31"]
[Variant "Standard"]

1. d4 {[%clk 1:30:45]}  d5 {[%clk 1:30:45]} 2. Nf3 {[%clk 1:31:01]}  Nc6 {[%clk 1:30:44]} 3. Bf4 {[%clk 1:31:06]}  Bf5 {[%clk 1:28:56]} 4. c4 {[%clk 1:29:57]}  e6 {[%clk 1:28:53]} 5. e3 {[%clk 1:29:23]}  Nf6 {[%clk 1:25:02]} 6. Nc3 {[%clk 1:28:39]}  Bb4 {[%clk 1:19:27]} 7. Rc1 {[%clk 1:27:17]}  Ne4 {[%clk 1:15:03]} 8. Qb3 {[%clk 1:13:46]}  a5 {[%clk 1:03:51]} 9. a3 {[%clk 0:58:39]}  Bxc3+ {[%clk 0:59:39]} 10. bxc3 {[%clk 0:58:53]}  Rb8 {[%clk 0:58:44]} 11. cxd5 {[%clk 0:56:30]}  exd5 {[%clk 0:55:59]} 12. Bb5 {[%clk 0:53:55]}  f6 {[%clk 0:53:00]} 13. c4 {[%clk 0:48:29]}  dxc4 {[%clk 0:49:02]} 14. Qxc4 {[%clk 0:46:40]}  Bd7 {[%clk 0:46:10]} 15. d5 {[%clk 0:44:33]}  Nd6 {[%clk 0:45:42]} 16. Bxd6 {[%clk 0:44:33]}  cxd6 {[%clk 0:45:45]} 17. dxc6 {[%clk 0:44:06]}  bxc6 {[%clk 0:45:39]} 18. Bxc6 {[%clk 0:41:42]}  Rc8 {[%clk 0:44:54]} 19. Bxd7+ {[%clk 0:40:26]}  Kxd7 {[%clk 0:44:06]} 20. Qg4+ {[%clk 0:38:33]}  Ke7 {[%clk 0:43:43]} 21. Qxg7+ {[%clk 0:37:01]}  Ke6 {[%clk 0:42:03]} 22. Qg4+ {[%clk 0:36:36]}  Kf7 {[%clk 0:39:20]} 23. Rxc8 {[%clk 0:35:55]}  Qxc8 {[%clk 0:38:20]} 24. Qxc8 {[%clk 0:36:11]}  Rxc8 {[%clk 0:38:42]} 25. Kd2 {[%clk 0:36:28]}  Rb8 {[%clk 0:38:01]} 26. Rc1 {[%clk 0:35:39]}  Rb3 {[%clk 0:37:58]} 27. Rc3 {[%clk 0:34:06]}  a4 {[%clk 0:37:50]} 28. Rxb3 {[%clk 0:34:22]}  axb3 {[%clk 0:38:04]} 29. Kc3 {[%clk 0:34:42]}  Ke7 {[%clk 0:37:57]} 30. Kxb3 {[%clk 0:34:55]}  Kd7 {[%clk 0:36:19]} 31. Nd4 {[%clk 0:34:06]}  h5 {[%clk 0:35:36]} 32. Kb4 {[%clk 0:34:14]}  Kc7 {[%clk 0:35:41]} 33. Kb5 {[%clk 0:33:19]}  Kb7 {[%clk 0:35:57]} 34. a4 {[%clk 0:33:35]}  Ka7 {[%clk 0:36:20]} 35. a5 {[%clk 0:33:59]}  Kb7 {[%clk 0:36:41]} 36. a6+ {[%clk 0:33:38]}  Ka7 {[%clk 0:37:04]} 37. Nc6+ {[%clk 0:32:04]}  Ka8 {[%clk 0:37:21]} 38. Kb6 {[%clk 0:29:43]}  d5 {[%clk 0:37:30]} 39. a7 {[%clk 0:29:38]}  d4 {[%clk 0:37:37]} 40. exd4 {[%clk 0:59:56]}  f5 {[%clk 1:07:22]} 41. Nd8 {[%clk 1:00:06]}  f4 {[%clk 1:07:32]} 42. Ne6 {[%clk 1:00:28]}  f3 {[%clk 1:07:31]} 1-0

[Event "Amateur Tournament (ATO)"]
[Site "https://www.chess.com"]
[Date "2025.07.15"]
[Round "1"]
[White "Cloete, Willem Francois"]
[Black "Perego, Jonas Gion"]
[Result "0-1"]
[Board "34"]
[WhiteFideId "14358387"]
[BlackFideId "1354680"]
[WhiteElo "1567"]
[BlackElo "1792"]
[WhiteTeam "RSA"]
[BlackTeam "SUI"]
[WhiteClock "0:16:39"]
[BlackClock "0:15:25"]
[Variant "Standard"]

1. e4 {[%clk 1:31:00]}  d6 {[%clk 1:30:46]} 2. d4 {[%clk 1:31:19]}  Nf6 {[%clk 1:31:11]} 3. Nc3 {[%clk 1:31:39]}  c6 {[%clk 1:31:36]} 4. f4 {[%clk 1:31:42]}  Qa5 {[%clk 1:32:01]} 5. Bd2 {[%clk 1:31:12]}  e5 {[%clk 1:31:45]} 6. fxe5 {[%clk 1:30:27]}  dxe5 {[%clk 1:32:09]} 7. dxe5 {[%clk 1:29:02]}  Qxe5 {[%clk 1:32:31]} 8. Nf3 {[%clk 1:28:40]}  Qc7 {[%clk 1:30:03]} 9. Bc4 {[%clk 1:25:47]}  Bc5 {[%clk 1:29:10]} 10. Qe2 {[%clk 1:23:29]}  b5 {[%clk 1:24:26]} 11. Bb3 {[%clk 1:21:07]}  O-O {[%clk 1:24:09]} 12. O-O-O {[%clk 1:20:04]}  a5 {[%clk 1:21:40]} 13. a3 {[%clk 1:16:00]}  Ba6 {[%clk 1:21:00]} 14. e5 {[%clk 1:11:55]}  b4 {[%clk 1:16:17]} 15. Qe1 {[%clk 1:09:39]}  bxc3 {[%clk 1:15:21]} 16. Bxc3 {[%clk 1:05:18]}  Ng4 {[%clk 1:14:16]} 17. Qh4 {[%clk 1:01:29]}  Nf2 {[%clk 1:06:29]} 18. Ng5 {[%clk 0:57:59]}  Be3+ {[%clk 1:05:06]} 19. Bd2 {[%clk 0:57:02]}  Bxg5 {[%clk 1:05:12]} 20. Bxg5 {[%clk 0:56:42]}  Nxh1 {[%clk 1:03:50]} 21. e6 {[%clk 0:54:32]}  fxe6 {[%clk 1:03:10]} 22. Bxe6+ {[%clk 0:54:44]}  Kh8 {[%clk 1:03:26]} 23. Bf5 {[%clk 0:53:24]}  Rxf5 {[%clk 0:59:30]} 24. Rd8+ {[%clk 0:53:34]}  Qxd8 {[%clk 0:59:57]} 25. Bxd8 {[%clk 0:53:50]}  Rf8 {[%clk 0:54:40]} 26. Qe7 {[%clk 0:44:31]}  Nd7 {[%clk 0:53:05]} 27. Bxa5 {[%clk 0:44:07]}  Nf6 {[%clk 0:48:45]} 28. b3 {[%clk 0:41:25]}  Rae8 {[%clk 0:44:22]} 29. Qc5 {[%clk 0:39:52]}  Bb5 {[%clk 0:32:35]} 30. c4 {[%clk 0:35:17]}  Ne4 {[%clk 0:31:34]} 31. Qb6 {[%clk 0:33:47]}  Nhf2 {[%clk 0:20:18]} 32. Kc2 {[%clk 0:31:46]}  Rb8 {[%clk 0:19:45]} 33. Qd4 {[%clk 0:29:35]}  c5 {[%clk 0:18:38]} 34. Qd5 {[%clk 0:24:38]}  Ra8 {[%clk 0:16:34]} 35. Be1 {[%clk 0:24:38]}  Rfd8 {[%clk 0:15:30]} 36. Qb7 {[%clk 0:20:54]}  Be8 {[%clk 0:15:07]} 37. Qe7 {[%clk 0:19:17]}  Bg6 {[%clk 0:15:17]} 38. Bc3 {[%clk 0:16:23]}  Nxc3+ {[%clk 0:15:25]} 39. Kxc3 {[%clk 0:16:39]} 0-1